ARRUPE JESUIT UNIVERSITY

CORONAVIRUS -STOP THE SPREAD - CLEAN,DISINFECT,COVER

Wole Soyinka : (Record no. 124974)

MARC details
000 -LEADER
fixed length control field 01299cam a2200325 a 4500
001 - CONTROL NUMBER
control field 13197047
003 - CONTROL NUMBER IDENTIFIER
control field ARRUPE
005 - DATE AND TIME OF LATEST TRANSACTION
control field 20160812114243.0
008 - FIXED-LENGTH DATA ELEMENTS--GENERAL INFORMATION
fixed length control field 030514s2004 enk b 001 0 eng
010 ## - LIBRARY OF CONGRESS CONTROL NUMBER
LC control number 2003053200
020 ## - INTERNATIONAL STANDARD BOOK NUMBER
International Standard Book Number 0521394864
040 ## - CATALOGING SOURCE
Original cataloging agency DLC
Transcribing agency DLC
Modifying agency DLC
043 ## - GEOGRAPHIC AREA CODE
Geographic area code f-nr---
050 00 - LIBRARY OF CONGRESS CALL NUMBER
Classification number PR9387.9.S6
Item number Z76
082 00 - DEWEY DECIMAL CLASSIFICATION NUMBER
Classification number 822/.914
Edition number 21
300 ## - PHYSICAL DESCRIPTION
Dimensions 23 cm.
100 1# - MAIN ENTRY--PERSONAL NAME
Personal name Jeyifo, Biodun,
Dates associated with a name 1946-
9 (RLIN) 24621
245 10 - TITLE STATEMENT
Title Wole Soyinka :
Remainder of title politics, poetics, and postcolonialism /
Statement of responsibility, etc Biodun Jeyifo.
260 ## - PUBLICATION, DISTRIBUTION, ETC. (IMPRINT)
Place of publication, distribution, etc Cambridge, UK ;
-- New York :
Name of publisher, distributor, etc Cambridge University Press,
Date of publication, distribution, etc 2004.
300 ## - PHYSICAL DESCRIPTION
Extent xxxiii, 322 p. ;
440 #0 - SERIES STATEMENT/ADDED ENTRY--TITLE
Title Cambridge studies in African and Caribbean literature
9 (RLIN) 24973
504 ## - BIBLIOGRAPHY, ETC. NOTE
Bibliography, etc Includes bibliographical references (p. 307-316) and index.
600 10 - SUBJECT ADDED ENTRY--PERSONAL NAME
Personal name Soyinka, Wole
General subdivision Criticism and interpretation.
9 (RLIN) 24930
650 #0 - SUBJECT ADDED ENTRY--TOPICAL TERM
Topical term or geographic name as entry element Politics and literature
Geographic subdivision Nigeria.
9 (RLIN) 24974
650 #0 - SUBJECT ADDED ENTRY--TOPICAL TERM
Topical term or geographic name as entry element Postcolonialism in literature.
9 (RLIN) 24975
650 #0 - SUBJECT ADDED ENTRY--TOPICAL TERM
Topical term or geographic name as entry element Postcolonialism
Geographic subdivision Nigeria.
9 (RLIN) 24976
651 #0 - SUBJECT ADDED ENTRY--GEOGRAPHIC NAME
Geographic name Nigeria
General subdivision In literature.
9 (RLIN) 3824
906 ## - LOCAL DATA ELEMENT F, LDF (RLIN)
a 7
b cbc
c orignew
d 1
e ocip
f 20
g y-gencatlg
942 ## - ADDED ENTRY ELEMENTS (KOHA)
Source of classification or shelving scheme Library of Congress Classification
Koha item type Monograph ( Printed materials)
Holdings
Withdrawn status Lost status Source of classification or shelving scheme Damaged status Not for loan Collection code Home library Current library Shelving location Date acquired Total Checkouts Full call number Barcode Date last seen Price effective from Koha item type
    Library of Congress Classification     Main Collection ARRUPE LIBRARY ARRUPE LIBRARY Main Collection 12/08/2016   PR9387.9.S6Z76 46500008542 12/08/2016 12/08/2016 Monograph ( Printed materials)

 

Arrupe Library. PO Box MP320 Mt Pleasant, Harare, Zimbabwe
263 242 745411|librarian@aju.ac.zw